Croatian Islands Map - Statistics

General Stats
  • This quiz has been taken 675 times
  • The average score is 26 of 78
Answers on the Map
Answers color-coded by a green-red scale on the quiz's map according to % correct below.
 
Answer Stats
Area Island % Correct
405,78 km² Krk
95%
405,78 km² Cres
81%
297,37 km² Hvar
81%
395,44 km² Brač
80%
284,18 km² Pag
74%
271,46 km² Korčula
72%
74,36 km² Lošinj
68%
86,11 km² Rab
66%
89,72 km² Vis
66%
113,30 km² {Dugi} otok
63%
98,01 km² Mljet
62%
40,82 km² Lastovo
55%
32,44 km² Kornat
53%
58,17 km² Šolta
52%
51,04 km² Ugljan
51%
22,07 km² Vir
50%
60,11 km² Pašman
49%
1,07 km² Mali {Brijun}
46%
5,72 km² Veli {Brijun}
46%
28,12 km² Čiovo
42%
4,53 km² {Goli} otok
42%
16,51 km²
41%
17,57 km² Murter
41%
14,27 km² Silba
37%
26,14 km² Olib
35%
12,75 km² Prvić (Krk)
35%
2,40 km² Prvić (Šibenik)
35%
3,77 km² Susak
35%
3,42 km² {Drvenik} Mali
33%
11,69 km² {Drvenik} Veli
33%
22,17 km² Molat
33%
9,73 km² Ist
32%
16,87 km² Unije
32%
5,91 km² Biševo
31%
4,37 km² Lopud
30%
8,04 km² Zlarin
30%
16,22 km² Šipan
29%
8,66 km² Premuda
28%
15,07 km² Žirje
27%
14,82 km² Žut
27%
5,50 km² Ilovik
26%
2,43 km² Koločep
26%
7,11 km² Kaprije
24%
15,12 km² Sestrunj
24%
6,37 km² Sveti Grgur
22%
8,36 km² Šćedro
21%
4,02 km² Sušac
21%
1,18 km² Vele {Srakane}
21%
8,63 km² Maun
20%
8,63 km² Plavnik
20%
2,31 km² Vrgada
20%
3,38 km² Kakan
19%
3,63 km² Rava
19%
4,19 km² Svetac
19%
1,74 km² {Kurba} Vela
18%
3,78 km² Škarda
18%
1,77 km² Sit
17%
4,17 km² Zverinac
17%
4,61 km² Dolin
16%
3,06 km² Jakljan
16%
3,61 km² Rivanj
16%
2,77 km² Tijat
16%
2,80 km² Prežba
15%
2,05 km² Škrda
15%
3,30 km² Zmajan
15%
1,27 km² {Arta} Vela
14%
1,45 km² Mrčara
14%
2,66 km² Piškera
14%
1,04 km² {Smokvica} Vela
14%
1,05 km² Vele {Orjule}
14%
2,54 km² Zeča
14%
5,27 km² Sveti Klement
13%
2,21 km² {Tun} Veli
13%
1,78 km² Lavsa
12%
1,12 km² Katina
11%
2,27 km² {Lavdara} Vela
11%
1,84 km² Levrnaka
11%
1,09 km² Planik
11%
No matching quizzes found
Score Distribution
Percent of People with Each Score
Percentile by Number Answered
Your Score History
You have not taken this quiz